000 00613cam a22002053a 4500
001 39410
003 PGUSA
005 20140828083857.0
008 120409s2012||||xxu|||||s|||||000 | eng d
040 _aPGUSA
_beng
042 _adc
100 1 _aBaucher, François,
_d1796-1873
245 1 0 _aMéthode d'équitation basée sur de nouveaux principes
_h[electronic resource] /
_cFrançois Baucher
260 _bProject Gutenberg,
_c2012
506 _aPublic domain in the USA.
516 _aElectronic text
830 0 _aProject Gutenberg
_v39410
856 4 0 _uhttp://www.gutenberg.org/ebooks/39410
942 _cEB
999 _c268663
_d268663